000 00643nam a2200229Ia 4500
005 20260430150007.0
008 008 250103s9999 xx 000 0 eng d
037 _aTheses
040 _aCRL
040 _beng
040 _ceng
041 _2eng
041 _aeng
084 _qCRL
100 _aVandana Rani Au.; Ragi Sangit Kumar Gu.
_91236142
245 0 _aPublic Policies and Good Governance With Special Reference to Health care in Sikkim
260 _c2021
300 _a475p.
700 _aUniversity of Delhi. Faculty of social Sciences. Deptt of Political Science
_91236143
942 _cTH
999 _c1848680
_d1848680